000 00538nam a22001697a 4500
008 230809b |||||||| |||| 00| 0 eng d
020 _a9781478638506
050 _aBF 637 .C6M45 2019
100 _aMeier, Scott T,
245 _aThe elements of counseling :
_cScott, Meier T.
250 _a8th ed.
260 _aUSA:
_bWaveland press,
_c2019.
300 _axiii,118p ;
_bill. ;
_c19 cm
500 _aincludes bibliographical references and index.
650 _2Counseling
942 _2lcc
_cBOOKS
_hBF 637 .C6M45 2019
999 _c31828
_d31828